| 000 | 01250cam a2200361 a 4500 | ||
|---|---|---|---|
| 001 | 12712013 | ||
| 003 | OSt | ||
| 005 | 20140310182656.0 | ||
| 008 | 020320s2003 at b 001 0 eng | ||
| 010 | _a 2002104116 | ||
| 020 | _a9812544674 | ||
| 035 | _a(DLC) 2002104116 | ||
| 040 |
_aDLC _cDLC _dDLC |
||
| 042 | _apcc | ||
| 050 | 0 | 0 |
_aBJ 1725 _b.R877 2003 |
| 082 | 0 | 0 |
_aM 170.21 _bR78 2003 |
| 100 | 1 | _aRowan, John. | |
| 245 | 1 | 0 |
_aEthics for the professions / _cRowan, John |
| 260 |
_aAustralia ; _aBelmont, CA : _bWadsworth/Thomas Learning, _cc2003. |
||
| 300 |
_aix, 445 p. ; _c24 cm. |
||
| 504 | _aIncludes bibliographical references and index. | ||
| 521 | _aCollege Students | ||
| 526 | _c1210L to 1700L | ||
| 541 | _j1 | ||
| 562 | _eFor Circulation. 1 copy in the collection. | ||
| 650 | 0 | _aProfessional ethics. | |
| 700 | 1 | _aZinaich, Samuel. | |
| 856 | 4 | 1 |
_3Table of contents _uhttp://www.loc.gov/catdir/toc/fy034/2002104116.html |
| 856 | 4 | 2 |
_3Publisher description _uhttp://www.loc.gov/catdir/enhancements/fy1102/2002104116-d.html |
| 906 |
_a7 _bcbc _corignew _d2 _eepcn _f20 _gy-gencatlg |
||
| 942 |
_2lcc _cBK _kM |
||
| 999 |
_c15120 _d15120 |
||